| 000 | 00542nam a22001817a 4500 | ||
|---|---|---|---|
| 999 |
_c6145 _d6145 |
||
| 003 | GBCCL | ||
| 005 | 20241126110557.0 | ||
| 008 | 180502b ||||| |||| 00| 0 eng d | ||
| 020 | _a0806241284 | ||
| 040 | _cgbc | ||
| 082 |
_a248.24 _bPIP |
||
| 100 |
_aPiper, William S.H. _911053 |
||
| 245 |
_aWhere do I go from here?: _bA complete guide for new believers Biblical answers to basic problems / _cWilliam S.H. Piper |
||
| 260 |
_aNew York: _bCarlton Press, _c1992 |
||
| 300 |
_a88 p.; _c22 cm. |
||
| 650 |
_aConversion _96579 |
||
| 942 |
_2ddc _cBK |
||